Statistiche per Foci dei fiumi italiani - Quiz n°2

Clicka qui per fare il quiz!

Statistiche generali

  • Questo quiz è stato fatto 15 volte
  • Il punteggio medio è 9 su 11

Statistiche sulle risposte

HintRisposta% Corretto
Aterno-PescaraMar Adriatico
100%
IsonzoMar Adriatico
100%
PiaveMar Adriatico
92%
GariglianoMar Tirreno
92%
RenoMar Adriatico
83%
TevereMar Tirreno
83%
AgriMar Ionio
75%
SangroMar Adriatico
67%
BasentoMar Ionio
67%
SavioMar Adriatico
58%
OfantoMar Adriatico
58%

Distribuzione punteggi

Percentile per numero di risposta

Percentuale di utenti per punteggio

I tuoi punteggi nel tempo

Non hai fatto questo quiz